000 00291nam a2200109Ia 4500
008 200302s9999 xx 000 0 und d
100 _aMarion Haslam & Other
245 _aRetro Stysle the 50s Look for Today's Home
260 _bAssociation With Livingetc
260 _c2000
300 _a143 P.,
999 _c1466
_d1466